| 000 | 00782cam a2200241 a 4500 | ||
|---|---|---|---|
| 001 | 2524834 | ||
| 005 | 20180220091948.0 | ||
| 008 | 930921s1994 azuab bfs 001 0 eng | ||
| 010 | _a 93036711 | ||
| 020 | _a0897747216 (alk. ppaer) | ||
| 040 |
_aDLC _cDLC _dDLC |
||
| 041 | _aeng | ||
| 043 | _an-us--- | ||
| 080 | _a305.260973 FRA | ||
| 082 | 0 | 0 |
_a305.260973 FRA _220 |
| 100 | _a55 | ||
| 101 | _aSTA | ||
| 245 | 0 | 0 |
_aStatistical handbook on aging Americans / _cFrank L. Schick and Renee Schick, editors. |
| 504 | _aIncludes bibliographical references (p. [313]-329) and index. | ||
| 906 |
_a7 _bcbc _corignew _d1 _eocip _f19 _gy-gencatlg |
||
| 942 |
_2ddc _cBK |
||
| 999 |
_c42949 _d42949 |
||